000 00330 a2200133 4500
003 Nust
005 20170207154039.0
040 _cNust
100 _aSunMicrosystem
245 _aSolaris SAN Configuration and Multipathing Guide (E-Book)
_cSunMicrosystem
260 _aU.S.A
_bSunMicrosystem
_c2007
300 _a104p;
651 _a(E-Book)
942 _2ddc
_cBK
999 _c192535
_d192535